书目信息 |
| 题名: |
世界葡萄酒版图
|
|
| 作者: | 奥洪 著 ;倪瑶 , 何柳 , 于梦泠 译 | |
| 分册: | 意大利葡萄酒新指南 | |
| 出版信息: | 北京 电子工业出版社 2015 |
|
| 页数: | 522页 | |
| 开本: | 24cm | |
| 丛书名: | ||
| 单 册: | ||
| 中图分类: | TS262.61 , TS262.6 | |
| 科图分类: | ||
| 主题词: | 葡萄酒--基本知识 , 葡萄酒--介绍--意大利 | |
| 电子资源: | ||
| ISBN: | 978-7-121-25549-6 | |
| 000 | 01262nam0 2200337 450 | |
| 001 | 811 | |
| 005 | 20160912091009.50 | |
| 010 | @a978-7-121-25549-6@b精装@dCNY188.00 | |
| 100 | @a20150605d2015 em y0chiy50 ea | |
| 101 | 1 | @achi@cfre |
| 102 | @aCN@b110000 | |
| 105 | @aab z 001yy | |
| 200 | 1 | @a世界葡萄酒版图@9shi jie pu tao jiu ban tu@i意大利葡萄酒新指南@f(加)雅克·奥洪著@g倪瑶,何柳,于梦泠译 |
| 210 | @a北京@c电子工业出版社@d2015 | |
| 215 | @a522页@c彩照,图,地图@d24cm | |
| 305 | @a由Les Editions de L'Homme出版社授权出版 | |
| 305 | @a据原书第3版译出 | |
| 312 | @a版权页意大利语原文:Le nouveau guide des vins d'Italie | |
| 330 | @a本书介绍了加拿大、美国、墨西哥的葡萄酒简史、葡萄品种、葡萄种植区和酒庄、葡萄酒酿造方法、如何解读酒标等内容。 | |
| 510 | 1 | @aNouveau guide des vins d'Italie@zita |
| 517 | 1 | @a意大利葡萄酒新指南@9yi da li pu tao jiu xin zhi nan |
| 606 | 0 | @a葡萄酒@x基本知识 |
| 606 | 0 | @a葡萄酒@x介绍@y意大利 |
| 690 | @aTS262.61@v5 | |
| 690 | @aTS262.6@v4 | |
| 701 | 0 | @a奥洪@9ao hong@c(Orhon, Jacques)@c(加)@4著 |
| 702 | 0 | @a倪瑶@9ni yao@4译 |
| 702 | 0 | @a何柳@9he liu@c(翻译)@4译 |
| 702 | 0 | @a于梦泠@9yu meng ling@4译 |
| 801 | 0 | @aCN@b唐山师范学院图书馆@c20160724 |
| 905 | @aZUCC@dTS262.6@e213 | |
| 世界葡萄酒版图.意大利葡萄酒新指南/(加)雅克·奥洪著/倪瑶,何柳,于梦泠译.-北京:电子工业出版社,2015 |
| 522页:彩照,图,地图;24cm |
| ISBN 978-7-121-25549-6(精装):CNY188.00 |
| 本书介绍了加拿大、美国、墨西哥的葡萄酒简史、葡萄品种、葡萄种植区和酒庄、葡萄酒酿造方法、如何解读酒标等内容。 |
| ● |
| 相关链接 |
|
|
|
|
正题名:世界葡萄酒版图
索取号:TS262.6/213
 
预约/预借
| 序号 | 登录号 | 条形码 | 馆藏地/架位号 | 状态 | 备注 |
| 1 | 903550 | 209035505 | 第二样本阅览室/ [索取号:TS262.6/213] | 在馆 | |
| 2 | 903551 | 209035514 | 第三借阅区/ [索取号:TS262.6/213] | 在馆 | |
| 3 | 903552 | 209035523 | 第三借阅区/ [索取号:TS262.6/213] | 在馆 |